000 01146nam a22003257a 4500
003 CHAP
005 20220329140601.0
008 971013s1968 r 10010 d
010 _a54285
011 _a55257
035 _a59409
040 _cCHAP
082 _a632.9063
_bS4 1968
111 0 0 _aSeminario Internacional de Profesores de Fitopatología y Entomología (
_d1968
_c: Lima, Perú)
_9104128
245 _aInforme
260 _aLima, Perú :
_bIICA,
_c1968
300 _a2v
_b: ilus.
590 _aBATCH-UPD
_b10
_c20130110
_lUCH01
_h0746
590 _aBATCH-UPD
_b10
_c20130410
_lUCH01
_h0427
590 _aBATCH-UPD
_b10
_c20130914
_lUCH01
_h1241
590 _aCONVERSION
_b10
_c20130109
_lUCH01
_h1329
650 1 4 _aEducación agrícola.
_935491
650 1 4 _aEntomología
_xCongresos.
_937123
650 1 4 _aFitopatología
_xCongresos.
_941165
901 _aBK
942 _cLIBRO
949 _a632.9063 S4 1968
_bBC
_cLIBRO
_d33724000181657
_eLIBRO
_fc.2
_i59409
_si
949 _a632.9063 S4 1968
_bBC
_cLIBRO
_d33724000184768
_eLIBRO
_fv.2
_h12331
_i59409
_si
949 _a632.9063 S4 1968
_bBC
_cLIBRO
_d33724000184776
_eLIBRO
_fv.1
_h12330
_i59409
_si
999 _c54285
_d54285